000 01153nam0a22002531 4500
001 rc\386154
005 20250621065132.0
035 _a(NLR Aleph) 005636330
090 _a6621429
_c6621429
100 _a20030616d1990 |||y0rusy50 ca
101 0 _arus
102 _aRU
105 _ay |||||||||
200 1 _aФотометрическое определение алюминия с хромазо-БРЗ в горных породах, рудах и продуктах технологической переработки
_eОтрасл. методика III категории
_fМ-во геологии СССР, ВНИИ минер. сырья им. Н.М. Федоровского (ВИМС). Науч. совет по аналит. методам
_g[Исполн. Н.Н. Басаргин и др.]
210 _aМ.
_cВИМС
_d1990
215 _a[1], 8 с.
_d20
225 1 _aХимические методы
_eИнструкция
_v№ 324-Х
320 _aБиблиогр.: с. 7-8
333 _aДСП. Экз. № 005
801 0 _aRU
_bNLR
_gpsbo
801 1 _aRU
_bELAR
_2rusmarc
852 _aNLR
_j91-50К/802
942 _cBOOK
980 _aNB